Σκηνοθετώντας μια ταινία
Αποθηκεύτηκε σε:
| Κύριος συγγραφέας: | |
|---|---|
| Άλλοι συγγραφείς: | |
| Μορφή: | Βιβλίο |
| Γλώσσα: | Greek English |
| Δημοσίευση: |
Αθήνα :
Πατάκης,
2007.
|
| Έκδοση: | 4η έκδ. |
| Θέματα: | |
| Ετικέτες: |
Προσθήκη ετικέτας
Δεν υπάρχουν, Καταχωρήστε ετικέτα πρώτοι!
|
MARC
| LEADER | 00000cam a2200000 i 4500 | ||
|---|---|---|---|
| 001 | 1/5164 | ||
| 008 | 100303s2007 gr | ||| |||| ||gre|| | ||
| 020 | |a 9789603787006 | ||
| 035 | |l 10107066 | ||
| 040 | |a GR-MyUA |b gre |e AACR2 | ||
| 041 | 1 | |a gre |h eng | |
| 082 | 0 | |a 791.430233 |2 (22) | |
| 100 | 1 | |a Mamet, David. | |
| 245 | 1 | 0 | |a Σκηνοθετώντας μια ταινία / |c Ντέιβιντ Μάμετ ; μετάφραση, ευρετήριο κινηματογραφικών όρων, επίμετρο Νίκος Σαββάτης. |
| 250 | |a 4η έκδ. | ||
| 260 | |a Αθήνα : |b Πατάκης, |c 2007. | ||
| 300 | |a 149 σ. ; |c 21 εκ. | ||
| 500 | |a Μετάφραση από τα αγγλικά | ||
| 500 | |a Τίτλος πρωτοτύπου: On directing film. | ||
| 650 | 0 | 0 | |a Motion pictures |x Production and direction. |
| 700 | 1 | |a Σαββάτης, Νίκος, |e trl | |
| 852 | |a INST |b LESVOS |e 20100303 |h 791.430233 MAM |p 005100046761 |q 005100046761 |t BK |y 0 | ||
| 901 | |a BIBL1-2010-1 | ||
| 909 | |a Λ |b 162922 | ||
| 970 | |a ΚΑΡΑ |b ΓΙΑΣΕΜΗ |z 2010/03/03 | ||